Change a Letter, Make a Chain - Statistics

General Stats
  • This quiz has been taken 152 times
  • The average score is 14 of 20
Answer Stats
Clue Answer % Correct
intelligent black birds crows
89%
groups of workers on a plane, ship and movie crews
85%
body part or treasure container chest
84%
a monarch's adornment crown
84%
a board game chess
83%
throng of people crowd
83%
[s/he] grinds food with the teeth chews
79%
to violate a law or promise break
73%
to deceive cheat
73%
a strange or abnormal person freak
71%
grim, barren and miserable bleak
67%
sheep or goat sound bleat
66%
a piece to which ropes are fastened cleat
61%
a handle used to start a machine with crank
59%
to sing in a low murmur croon
56%
sincere frank
56%
a narrow opening crack
51%
a hook-shaped object crook
48%
a clay pot or jar crock
45%
a painful prolonged spasm crick
43%
No matching quizzes found
Score Distribution
Percent of People with Each Score
Percentile by Number Answered
Your Score History
You have not taken this quiz